1273 1069 1445 1889 1488 1198 1694 1426 1786 1606 1696 1781 1563 1033 1037 1843 1476 1575 1322 1369 1341 1854 1451 1912 1890 1859 1813 1436 1486 1436 1953 1834 1191 1349 1873 1324 1285 1249 1458 1973 1678 1933 1470 1866 1839 1480 1581 1219 1723 1286 1286 1811 1788 1307 1221 1593 1109 1390 1895 1536 1557 1524 1329 1911 1310 1648 1806 1167 1519 1839 1753 1639 1958 1442 1284 1585 1994 1979 1852 1376 1085 1758 1483 1484 1399 1741 1756 1014 1408 1566 1435 1534 1260 1753 1402 1274 1151 1378 1958 BCNSPRNW ULIB Ver.6.0+V

เปลี่ยนเป็นภาษาไทย

Change to English
 แสดงรายละเอียดบรรณานุกรม
  กลับหน้าหลัก

Brief Record : Get Marc (ISO 2709) : E-mail record : QR code < ปิดหน้าต่าง
LEADER : 00000nam 2200000uu 4500
001    13399127713
003     ULIB
008    020711s2563 th a 000 0 tha d
020    ^a9786165657259
050    ^aBQ294พ392ค
100    ^aพระไพศาล วิสาโล
245    ^aคะนึงจิต พินิจโลก
250    ^aพิมพ์ครั้งที่ 1
260    ^aนนทบุรี :^bภาพพิมพ์,^c2563
300    ^a208 หน้า;^b19 ซม.
650    ^aธรรมะกับชีวิตประจำวัน
945    ^p0^l0^i008038
999    ^aประนอม เกษจรัล
รายการนี้ยังไม่มีแท็ก
คุณยังไม่ได้ล็อกอิน คุณสามารถมีกิจกรรมร่วมกับเว็บไซต์ได้ แต่ต้องล็อกอินก่อน ::
  ล็อกอิน

รายการสื่อสารสนเทศ

ลำดับที่ ประเภท เลขเรียก/บาร์โค้ด สถานที่ สถานะ
1. การศึกษาทั่วไป
การศึกษาทั่วไป
BQ294พ392ค ฉ.1 
  Barcode: 008038
ห้องสมุดวิทยาเขตสวรรค์ประชารักษ์
►หนังสือทั่วไป
บนชั้น

รายการใกล้เคียง
    ผู้แต่ง [พระไพศาล วิสาโล]

    หัวเรื่อง [ธรรมะกับชีวิตประจำวัน]

BibComment


ยังไม่เคยถูกคอมเมนท์

คอมเมนท์ทรัพยากรรายการนี้
  คอมเมนท์: คะนึงจิต พินิจโลก


 Copyright 2026. Bcnsprnw @Library